The great counted cross-stitch book / (Record no. 8555)
[ view plain ]
| 000 -LEADER | |
|---|---|
| fixed length control field | 00854cam a2200265 a 4500 |
| 001 - CONTROL NUMBER | |
| control field | 3753237 |
| 005 - DATE AND TIME OF LATEST TRANSACTION | |
| control field | 20251211140808.0 |
| 008 - FIXED-LENGTH DATA ELEMENTS--GENERAL INFORMATION | |
| fixed length control field | 821108s1983 nyua 000 0 eng |
| 020 ## - INTERNATIONAL STANDARD BOOK NUMBER | |
| International Standard Book Number | 0307420272 |
| Qualifying information | pbk. |
| 020 ## - INTERNATIONAL STANDARD BOOK NUMBER | |
| International Standard Book Number | 0307420280 |
| Qualifying information | hard |
| 020 ## - INTERNATIONAL STANDARD BOOK NUMBER | |
| International Standard Book Number | 9780307420275 |
| Qualifying information | (pbk.) |
| 020 ## - INTERNATIONAL STANDARD BOOK NUMBER | |
| International Standard Book Number | 9780307420282 |
| Qualifying information | (hard) |
| 050 00 - LIBRARY OF CONGRESS CALL NUMBER | |
| Classification number | TT778.C76 |
| Item number | B35 1983 |
| 082 00 - DEWEY DECIMAL CLASSIFICATION NUMBER | |
| Classification number | 746.44 |
| Edition information | 19 |
| 100 1# - MAIN ENTRY--PERSONAL NAME | |
| Personal name | Baldwin, Edward A. |
| 245 14 - TITLE STATEMENT | |
| Title | The great counted cross-stitch book / |
| Statement of responsibility, etc. | Ed & Stevie Baldwin. |
| 260 ## - PUBLICATION, DISTRIBUTION, ETC. | |
| Place of publication, distribution, etc. | New York, N.Y. : |
| Name of publisher, distributor, etc. | Western Pub. Co., |
| Date of publication, distribution, etc. | c1983. |
| 300 ## - PHYSICAL DESCRIPTION | |
| Extent | 160 p. : |
| Other physical details | ill. (some col.) ; |
| Dimensions | 28 cm. |
| 500 ## - GENERAL NOTE | |
| General note | Cover title: Golden, the great counted cross-stitch book. |
| 500 ## - GENERAL NOTE | |
| General note | "Created by the Family Workshop, Inc."--T.p. verso. |
| 650 #0 - SUBJECT ADDED ENTRY--TOPICAL TERM | |
| Topical term or geographic name entry element | Cross-stitch. |
| 700 1# - ADDED ENTRY--PERSONAL NAME | |
| Personal name | Baldwin, Stevie. |
| 710 2# - ADDED ENTRY--CORPORATE NAME | |
| Corporate name or jurisdiction name as entry element | Family Workshop, Inc. |
| 942 ## - ADDED ENTRY ELEMENTS (KOHA) | |
| Source of classification or shelving scheme | Library of Congress Classification |
| Koha item type | Books |
| Suppress in OPAC | No |
| 999 ## - | |
| -- | 8555 |
| -- | 8555 |
| Withdrawn status | Lost status | Source of classification or shelving scheme | Damaged status | Not for loan | Collection | Home library | Current library | Shelving location | Date acquired | Total checkouts | Full call number | Barcode | Date last seen | Copy number | Price effective from | Koha item type |
|---|---|---|---|---|---|---|---|---|---|---|---|---|---|---|---|---|
| Library of Congress Classification | Non-fiction | Science Library (Miotso) | Science Library (Miotso) | Reference | 12/11/2025 | TT778.C76 B35 BAL | SLM00006615 | 12/11/2025 | 1 | 12/11/2025 | Books |